[Event "Scarborough CC Howard Ridout U1400"]
[Site "Toronto CAN"]
[Date "2014.10.23"]
[Round "7"]
[White "Li, Catherine"]
[Black "Pishdad, Hassan"]
[Result "0-1"]
[WhiteElo "1272"]
[BlackElo "1189"]
[PlyCount "136"]
[EventDate "2014.09.11"]
[EventType "swiss"]
[EventRounds "8"]
[EventCountry "CAN"]

1. e4 c5 2. Nf3 e6 3. c4 d5 4. cxd5 exd5 5. exd5 Qxd5 6. Nc3 Qd8 7. d4 cxd4 8.
Nxd4 Be7 9. Bf4 Nf6 10. Be2 a6 11. O-O O-O 12. Bf3 Bb4 13. Re1 Qa5 14. Qb3 Nbd7
15. Bc7 Qxc7 16. Qxb4 Rb8 17. Rac1 Qc5 18. Nc6 bxc6 19. Qf4 Bb7 20. Ne4 Qb6 21.
Nxf6+ Nxf6 22. b3 Nd5 23. Qc4 Rbc8 24. Kf1 a5 25. Be2 Qb4 26. Qc2 c5 27. Bc4
Qb6 28. Qf5 Qf6 29. Qd3 Nf4 30. Qg3 Nxg2 31. Re2 Nh4 32. a4 Bf3 33. Re3 Bg2+
34. Kg1 Rce8 35. Bxf7+ Kxf7 36. Rec3 Re5 37. f4 Rf5 38. Rc4 Bc6 39. R1c2 Kg8
40. Rf2 Ng6 41. Qh3 Rxf4 42. Rcxf4 Nxf4 43. Rxf4 Qg5+ 44. Qg3 Qxg3+ 45. hxg3
Rxf4 46. gxf4 Kf7 47. Kf2 Kf6 48. Ke2 Bd5 49. Ke3 Bxb3 50. Kd3 c4+ 51. Kc3 Kf5
52. Kd4 Kxf4 53. Kd5 g5 54. Kd4 g4 55. Kc3 g3 56. Kd4 g2 57. Kc3 g1=Q 58. Kd2
Qd1+ 59. Kc3 Qc2+ 60. Kd4 Qf2+ 61. Kd5 c3+ 62. Kd6 Qb6+ 63. Kd7 Bxa4+ 64. Ke7
Kf5 65. Kf7 Qf6+ 66. Kg8 Qg6+ 67. Kf8 Ke5 68. Ke7 Qe8# 0-1

[Event "Scarborough CC Howard Ridout U1400"]
[Site "Toronto CAN"]
[Date "2014.10.30"]
[Round "8"]
[White "Pishdad, Hassan"]
[Black "Ghazarian, Tigran"]
[Result "1-0"]
[WhiteElo "1189"]
[BlackElo "1288"]
[PlyCount "93"]
[EventDate "2014.09.11"]
[EventType "swiss"]
[EventRounds "8"]
[EventCountry "CAN"]

1. d4 d5 2. c4 e6 3. a3 Nf6 4. Nc3 Be7 5. e4 dxe4 6. Be3 b6 7. Nge2 Bb7 8. Ng3
Nbd7 9. Qc2 O-O 10. Ngxe4 Nxe4 11. Nxe4 Rc8 12. Bd3 e5 13. Rg1 f5 14. Nc3 e4
15. Be2 Bd6 16. g3 Rf6 17. Nb5 a6 18. Nxd6 cxd6 19. Bg5 Qc7 20. Bxf6 Nxf6 21.
Qb3 d5 22. Rc1 Kh8 23. Kd2 Qd6 24. Rc3 Nd7 25. Rgc1 Qf6 26. cxd5 Qxd4+ 27. Ke1
Rxc3 28. Rxc3 Nc5 29. Qd1 Qxd5 30. Qxd5 Bxd5 31. b4 Nd3+ 32. Bxd3 exd3 33. Rxd3
Be6 34. Rd6 Bc4 35. Rxb6 Kg8 36. a4 Kf8 37. b5 axb5 38. axb5 Ke7 39. Rb7+ Kf6
40. b6 g5 41. Rxh7 Bd5 42. b7 Bxb7 43. Rxb7 Ke5 44. f3 f4 45. Rb5+ Kd6 46. Rxg5
fxg3 47. Rxg3 1-0

[Event "Scarborough CC Howard Ridout U1800"]
[Site "Toronto CAN"]
[Date "2014.09.18"]
[Round "2"]
[White "Lin, Benjamin"]
[Black "Armstrong, Robert J"]
[Result "1/2-1/2"]
[WhiteElo "1614"]
[BlackElo "1540"]
[PlyCount "80"]
[EventDate "2014.09.11"]
[EventType "swiss"]
[EventRounds "8"]
[EventCountry "CAN"]

1. c4 f5 2. d4 Nf6 3. Nc3 e6 4. Nf3 Be7 5. g3 O-O 6. Bg2 Ne4 7. O-O d5 8. Nxe4
fxe4 9. Ne5 Nd7 10. f4 exf3 11. Nxf3 dxc4 12. Qc2 Nb6 13. Bf4 Nd5 14. Qxc4 Nxf4
15. gxf4 Rxf4 16. e3 Rf6 17. Ne5 Bd6 18. Rac1 c6 19. Rxf6 Qxf6 20. Nxc6 Qh6 21.
Ne5 Qxe3+ 22. Kh1 Bxe5 23. dxe5 Qxe5 24. Rd1 Qf6 25. Qb4 g6 26. Qb5 Qe7 27. a4
a6 28. Qb6 e5 29. Rd8+ Kg7 30. Bh3 Bxh3 31. Rxa8 Qd7 32. Rd8 Qf5 33. Qxb7+ Kh6
34. Rd1 e4 35. Qb3 Bg4 36. Qe3+ Kh5 37. Rc1 Bf3+ 38. Kg1 Qg4+ 39. Kf2 Qh4+ 40.
Kg1 Qg4+ 1/2-1/2

[Event "Scarborough CC Howard Ridout U1800"]
[Site "Toronto CAN"]
[Date "2014.10.02"]
[Round "4"]
[White "Armstrong, Robert J"]
[Black "Smith, Maurice"]
[Result "1-0"]
[WhiteElo "1540"]
[BlackElo "1569"]
[PlyCount "81"]
[EventDate "2014.09.11"]
[EventType "swiss"]
[EventRounds "8"]
[EventCountry "CAN"]

1. g3 Nf6 2. Bg2 g6 3. c4 c5 4. Qb3 Nc6 5. e3 Bg7 6. Nc3 O-O 7. Nge2 d6 8. d4
Qc7 9. Bd2 Bd7 10. Rc1 Qb6 11. Nd5 Nxd5 12. cxd5 Qxb3 13. axb3 Nb4 14. Bxb4
cxb4 15. Rc7 Rfd8 16. Rxb7 a5 17. Kd2 Kf8 18. Rc1 Ke8 19. Rcc7 a4 20. bxa4 Rxa4
21. Bh3 f5 22. e4 Bf8 23. exf5 gxf5 24. Nf4 Bc8 25. Rb8 Bd7 26. Rb6 Bh6 27.
Rcb7 b3 28. Kd3 Bg7 29. Ne2 Bc8 30. Rxb3 Bxb7 31. Rxb7 Ra5 32. Nf4 Bf6 33. Ne6
Rc8 34. Bxf5 Rc1 35. Bxh7 Kf7 36. Rb8 Bg7 37. Rg8 Bh6 38. Nd8+ Kf6 39. Rg6+ Kf5
40. Rxh6+ Kg5 41. Rg6+ 1-0

[Event "Scarborough CC Howard Ridout U1800"]
[Site "Toronto CAN"]
[Date "2014.06.26"]
[Round "6"]
[White "Paterson, Jim"]
[Black "Armstrong, Robert J"]
[Result "1-0"]
[WhiteElo "1728"]
[BlackElo "1657"]
[PlyCount "65"]
[EventDate "2014.09.11"]
[EventType "swiss"]
[EventRounds "8"]
[EventCountry "CAN"]

1. e4 g6 2. d4 Bg7 3. Nc3 d6 4. f4 Nf6 5. Nf3 O-O 6. Be2 Nc6 7. d5 Nb4 8. a3
Na6 9. Be3 Ng4 10. Bd4 e5 11. dxe6 Bxe6 12. Bxg7 Kxg7 13. Ng5 Nf6 14. Nxe6+
fxe6 15. b4 Kg8 16. O-O Qe7 17. Bc4 Kg7 18. Qe2 c5 19. Bxa6 cxb4 20. axb4 bxa6
21. Rxa6 Qc7 22. Qd3 Rfc8 23. Nb5 Qxc2 24. Qxc2 Rxc2 25. Nxd6 Re2 26. e5 Nd5
27. Nb5 Rxg2+ 28. Kh1 Rc2 29. Nc7 Nxb4 30. Ra4 Rb8 31. Rxa7 Kh6 32. Nxe6 Nd5
33. Nf8 1-0

[Event "Scarborough CC Howard Ridout U1800"]
[Site "Toronto CAN"]
[Date "2014.10.30"]
[Round "8"]
[White "Li, William"]
[Black "Tavana, Joseph"]
[Result "1-0"]
[WhiteElo "1601"]
[BlackElo "1626"]
[PlyCount "51"]
[EventDate "2014.09.11"]
[EventType "swiss"]
[EventRounds "8"]
[EventCountry "CAN"]

1. e4 c5 2. Nf3 Nc6 3. d4 cxd4 4. Nxd4 e5 5. Nb5 d6 6. Be3 Nf6 7. N1c3 a6 8.
Na3 b5 9. Nd5 Nxd5 10. exd5 Nb8 11. c4 bxc4 12. Nxc4 Nd7 13. Qa4 Rb8 14. Rc1
Rb5 15. Nb6 Rxb6 16. Bxb6 Qxb6 17. Rxc8+ Ke7 18. Bxa6 Nc5 19. Qe8+ Kf6 20. Bb5
Qa5+ 21. Kf1 Qd2 22. g3 Qd1+ 23. Kg2 Qxd5+ 24. Kg1 Qxa2 25. Qc6 Qb1+ 26. Kg2
1-0

[Event "Scarborough CC Howard Ridout U1800"]
[Site "Toronto CAN"]
[Date "2014.10.30"]
[Round "8"]
[White "Ward, Dean"]
[Black "Paterson, Jim"]
[Result "1-0"]
[WhiteElo "1699"]
[BlackElo "1755"]
[PlyCount "75"]
[EventDate "2014.09.11"]
[EventType "swiss"]
[EventRounds "8"]
[EventCountry "CAN"]

1. d4 Nf6 2. c4 e6 3. Nc3 Bb4 4. e3 b6 5. Bd3 Bb7 6. f3 Nc6 7. Nge2 O-O 8. O-O
d5 9. a3 Be7 10. Kh1 e5 11. b3 exd4 12. exd4 dxc4 13. bxc4 h6 14. Bb2 Bd6 15.
Ne4 Re8 16. d5 Ne5 17. Nxf6+ gxf6 18. Nc3 Nxd3 19. Qxd3 Bc8 20. f4 Bf8 21. Ne4
Bg7 22. f5 c6 23. d6 c5 24. Ng3 Kf8 25. Nh5 Bb7 26. d7 Re4 27. Rad1 Rg4 28. Rf2
Be4 29. Qd6+ Qe7 30. d8=Q+ Rxd8 31. Qxd8+ Qxd8 32. Rxd8+ Ke7 33. Rg8 Rg5 34.
Nxg7 Bd3 35. Re8+ Kd7 36. Bxf6 Rxg7 37. Bxg7 Kxe8 38. Rf4 1-0

[Event "Scarborough CC Jack Frost"]
[Site "Toronto CAN"]
[Date "2014.02.06"]
[Round "6"]
[White "Shah, Omar"]
[Black "Southam, David"]
[Result "1-0"]
[WhiteElo "1924"]
[BlackElo "2244"]
[PlyCount "169"]
[EventDate "2014.01.02"]
[EventType "swiss"]
[EventRounds "6"]
[EventCountry "CAN"]

1. e4 e6 2. d4 d5 3. Nc3 Bb4 4. e5 c5 5. dxc5 Ne7 6. Nf3 Nbc6 7. Bd3 Ng6 8.
Bxg6 fxg6 9. O-O Bxc5 10. Bf4 O-O 11. Bg3 a6 12. a4 Qe7 13. Bh4 Qd7 14. Bg3 Qf7
15. Ne2 Bd7 16. c3 Rac8 17. Ned4 Nxd4 18. Nxd4 Bxd4 19. Qxd4 Rc4 20. Qd1 Rfc8
21. Qb3 Bc6 22. Rfc1 Qd7 23. a5 Bb5 24. Re1 g5 25. Qd1 h6 26. Qh5 Qe7 27. Re3
Be8 28. Qf3 Bg6 29. Qd1 Bf5 30. f3 g4 31. fxg4 Bxg4 32. Qe1 Bf5 33. Bf2 Qd7 34.
Re2 Rg4 35. Rd1 Qe7 36. Rd4 Rxd4 37. Bxd4 Qc7 38. Rf2 Bg6 39. Bb6 Qc4 40. Qe3
Kh7 41. h3 Qa2 42. Kh2 Qb1 43. Qf4 Qd3 44. Qg3 Qxg3+ 45. Kxg3 Kg8 46. Rf4 Be8
47. Rb4 Bb5 48. Rf4 Be8 49. Kf2 Bb5 50. Ke3 Bc6 51. g3 Bb5 52. Rd4 Bc6 53. Rb4
Bb5 54. h4 Bc6 55. Kd4 Rf8 56. Kc5 Rf3 57. g4 Kf7 58. Kd6 g5 59. hxg5 hxg5 60.
Bd8 Rf4 61. Bxg5 Rxb4 62. cxb4 d4 63. Bd2 Be4 64. Kc5 d3 65. Kd6 Bf3 66. Kc7
Bd5 67. Kb6 Ke7 68. g5 Bf3 69. b5 axb5 70. Kxb5 Kd7 71. Kb6 Kc8 72. Ka7 Be4 73.
b4 Bf5 74. b5 Be4 75. a6 bxa6 76. b6 Kd7 77. g6 Ke8 78. Kxa6 Kf8 79. Bh6+ Kg8
80. Kb5 d2 81. Bxd2 Kg7 82. Kc5 Kxg6 83. Kd6 Kf5 84. Bc3 Bf3 85. Kc7 1-0

[Event "Scarborough CC Jack Frost"]
[Site "Toronto CAN"]
[Date "2014.01.16"]
[Round "3"]
[White "Shah, Omar"]
[Black "Zhu, Harmony"]
[Result "1/2-1/2"]
[WhiteElo "1924"]
[BlackElo "1830"]
[PlyCount "86"]
[EventDate "2014.01.02"]
[EventType "swiss"]
[EventRounds "6"]
[EventCountry "CAN"]

1. Nf3 d5 2. b3 Nf6 3. Bb2 Bf5 4. e3 e6 5. c4 c6 6. Be2 Nbd7 7. O-O Bd6 8. Nh4
Bg6 9. f4 O-O 10. Nxg6 hxg6 11. d4 Ne4 12. Nd2 Ndf6 13. Bd3 Nxd2 14. Qxd2 c5
15. dxc5 Bxc5 16. b4 dxc4 17. bxc5 Ne4 18. Qb4 Qxd3 19. Bd4 Rad8 20. Rad1 Qe2
21. Rde1 Qg4 22. Qxb7 Qf5 23. c6 Nc5 24. Qxa7 Nd3 25. Ra1 Ra8 26. Qe7 Qd5 27.
c7 f6 28. a4 Rf7 29. Qa3 Rxc7 30. Rf3 Rb7 31. a5 Kf7 32. a6 Rb3 33. Qa4 Qb5 34.
Qa2 c3 35. f5 gxf5 36. a7 Rb2 37. Qa3 e5 38. Bxc3 Rb3 39. Qa2 e4 40. Rxf5 Qb6
41. Bd4 Qe6 42. Rff1 Kf8 43. Rab1 Qf7 1/2-1/2

[Event "Scarborough CC Jack Frost"]
[Site "Toronto CAN"]
[Date "2014.01.23"]
[Round "4"]
[White "Zotkin, Daniel"]
[Black "Shah, Omar"]
[Result "0-1"]
[WhiteElo "1905"]
[BlackElo "1924"]
[PlyCount "118"]
[EventDate "2014.01.02"]
[EventType "swiss"]
[EventRounds "6"]
[EventCountry "CAN"]

1. e4 c5 2. Nf3 d6 3. Bb5+ Bd7 4. Bxd7+ Qxd7 5. O-O Nc6 6. c3 Nf6 7. Re1 g6 8.
d4 cxd4 9. cxd4 Bg7 10. Nc3 O-O 11. d5 Ne5 12. Bf4 Nxf3+ 13. Qxf3 Ng4 14. h3
Ne5 15. Bxe5 Bxe5 16. Qe3 Rfc8 17. f4 Bxc3 18. bxc3 Rc5 19. Red1 Rac8 20. Rd3
Qc7 21. Rb1 b6 22. Rb3 Ra5 23. Rd2 Qc4 24. Kf2 Ra4 25. Re2 Rc7 26. Qd2 Qc5+ 27.
Kf1 Rc4 28. Re3 Qa5 29. g3 Ra4 30. Re2 Rc5 31. Kg2 Rac4 32. Re3 Qa4 33. Kf3 Ra5
34. Re2 Qd7 35. Kg2 Rca4 36. Rb2 Qb7 37. Qd3 Ra3 38. Rec2 h5 39. h4 R3a4 40.
Re2 Rc5 41. Rb3 Rac4 42. Re3 Qa6 43. Qd2 Qa4 44. Kf3 Qd7 45. Kg2 Qa4 46. Kf3
Ra5 47. Re2 Qd7 48. Kg2 Rca4 49. Rb2 Qb7 50. Qd3 Qa6 51. Qxa6 Rxa6 52. Kf3 Ra3
53. Rec2 R6a5 54. Ke3 f5 55. exf5 gxf5 56. Kd4 R5a4+ 57. c4 Rxg3 58. Rg2 Raa3
59. Rbe2 Rad3# 0-1

[Event "Scarborough CC Jack Frost"]
[Site "Toronto CAN"]
[Date "2014.01.30"]
[Round "5"]
[White "Picana, Andrew"]
[Black "Shah, Omar"]
[Result "1/2-1/2"]
[WhiteElo "2056"]
[BlackElo "1924"]
[PlyCount "144"]
[EventDate "2014.01.02"]
[EventType "swiss"]
[EventRounds "6"]
[EventCountry "CAN"]

1. d4 Nf6 2. c4 c5 3. Nf3 cxd4 4. Nxd4 e6 5. Nc3 a6 6. Bg5 Be7 7. e3 O-O 8. Bd3
d6 9. Qc2 g6 10. Rd1 Nc6 11. a3 Bd7 12. Nf3 Rc8 13. O-O Na5 14. Qe2 Qc7 15. Nd2
Rfe8 16. Rc1 Nc6 17. Bf4 Nh5 18. Nf3 Nxf4 19. exf4 Bf6 20. b4 Bg7 21. Qd2 Red8
22. Rfd1 Be8 23. Be2 Rd7 24. Qe3 Ne7 25. g4 Qd8 26. Na4 d5 27. c5 Rdc7 28. Nb6
Rb8 29. Ne5 Nc8 30. Nec4 Qh4 31. Nxc8 Rbxc8 32. Nb6 Rd8 33. g5 h6 34. Qg3 hxg5
35. fxg5 Qxg3+ 36. hxg3 Bb2 37. Rb1 Bc3 38. Rb3 d4 39. Rxc3 dxc3 40. Rxd8 c2
41. Rd1 cxd1=Q+ 42. Bxd1 Bc6 43. f4 Re7 44. Nc4 Rd7 45. Nd6 Rd8 46. Kf2 Kg7 47.
Bb3 Rh8 48. a4 Rh2+ 49. Ke1 Rb2 50. b5 axb5 51. axb5 Bxb5 52. Nxb5 Rxb3 53. Nd6
Kf8 54. Kf2 Ke7 55. Ne4 Kd7 56. Nd6 Ke7 57. Ne4 e5 58. Nd6 exf4 59. gxf4 Ke6
60. Ke2 b5 61. Kd2 b4 62. Nb5 Kd5 63. c6 Rb2+ 64. Kc1 Ra2 65. c7 Ra8 66. Na7
Ke4 67. c8=Q Rxc8+ 68. Nxc8 Kxf4 69. Nd6 Kxg5 70. Nxf7+ Kf6 71. Nh6 g5 72. Kb2
Kg6 1/2-1/2

[Event "Scarborough CC Jack Frost U1400"]
[Site "Toronto CAN"]
[Date "2014.01.02"]
[Round "1"]
[White "Pishdad, Hassan"]
[Black "Batistil, Exekial"]
[Result "1-0"]
[WhiteElo "1106"]
[BlackElo "608"]
[PlyCount "49"]
[EventDate "2014.01.02"]
[EventType "swiss"]
[EventRounds "6"]
[EventCountry "CAN"]

1. d4 d5 2. c4 c6 3. Nc3 e6 4. e3 f5 5. cxd5 cxd5 6. Bb5+ Bd7 7. Nge2 a6 8.
Bxd7+ Nxd7 9. Nf4 Bb4 10. Qh5+ g6 11. Nxg6 Ngf6 12. Qh6 Rg8 13. Nf4 Qa5 14. Bd2
Ke7 15. O-O Rg6 16. Nxg6+ Kf7 17. Ne5+ Ke7 18. Qh4 Nxe5 19. dxe5 Kf7 20. Qxf6+
Ke8 21. Qxe6+ Kf8 22. Qxf5+ Ke8 23. e6 Rc8 24. Qf7+ Kd8 25. Qd7# 1-0

[Event "Scarborough CC Jack Frost U1400"]
[Site "Toronto CAN"]
[Date "2014.01.09"]
[Round "2"]
[White "Liu, David"]
[Black "Pishdad, Hassan"]
[Result "0-1"]
[WhiteElo "1232"]
[BlackElo "1106"]
[PlyCount "110"]
[EventDate "2014.01.02"]
[EventType "swiss"]
[EventRounds "6"]
[EventCountry "CAN"]

1. e4 c5 2. Nf3 e6 3. d4 cxd4 4. Nxd4 Nc6 5. Be3 Nge7 6. Nc3 g6 7. Ncb5 d5 8.
Bd3 Bg7 9. f4 a6 10. Nxc6 bxc6 11. Bd4 Bxd4 12. Nxd4 Qa5+ 13. c3 c5 14. Nb3 Qb6
15. c4 Qb4+ 16. Qd2 Qxd2+ 17. Nxd2 Bb7 18. O-O O-O 19. b3 d4 20. a3 Nc6 21.
Rfb1 a5 22. e5 f5 23. Nf3 h6 24. Kf1 Ne7 25. Be2 Be4 26. Rb2 d3 27. Bd1 Rfd8
28. g3 Nc6 29. Kf2 Rd7 30. Ke3 Nd4 31. Nxd4 Rxd4 32. Bf3 Bxf3 33. Kxf3 d2 34.
Ke2 Rad8 35. Kd1 g5 36. Raa2 gxf4 37. Rxd2 fxg3 38. hxg3 Kg7 39. Rxd4 Rxd4+ 40.
Rd2 Rxd2+ 41. Kxd2 Kf7 42. Ke3 Ke7 43. Kf4 Kf7 44. g4 fxg4 45. Kxg4 Kg6 46. Kf4
h5 47. Ke4 Kg5 48. Kf3 h4 49. Kg2 Kf4 50. Kh3 Kxe5 51. Kxh4 Kd4 52. Kg4 e5 53.
Kf5 e4 54. Kf4 Kd3 55. b4 axb4 0-1

[Event "Scarborough CC Jack Frost U1400"]
[Site "Toronto CAN"]
[Date "2014.01.16"]
[Round "3"]
[White "Morrison, Richard"]
[Black "Pishdad, Hassan"]
[Result "0-1"]
[WhiteElo "1292"]
[BlackElo "1106"]
[PlyCount "101"]
[EventDate "2014.01.02"]
[EventType "swiss"]
[EventRounds "6"]
[EventCountry "CAN"]

1. Nf3 d5 2. g3 Nc6 3. Bg2 Nf6 4. d3 e5 5. Nbd2 Bd6 6. O-O O-O 7. e4 d4 8. c3
Bc5 9. cxd4 Bxd4 10. Nxd4 Nxd4 11. Nc4 Re8 12. h3 h6 13. f4 Nc6 14. a3 b5 15.
Nxe5 Nxe5 16. fxe5 Qd4+ 17. Kh2 Rxe5 18. Qe2 c5 19. Be3 Qd8 20. Bf4 Re8 21. Qd2
Be6 22. Rf2 Rc8 23. Raf1 Qd4 24. Bxh6 gxh6 25. Rxf6 c4 26. Qxh6 cxd3 27. Qg5+
Kf8 28. Qf4 Re7 29. Rxe6 Qd7 30. Rxe7 Qxe7 31. Qe3 Qd6 32. e5 Qe6 33. Rf6 d2
34. Qxd2 Qxe5 35. Qd6+ Qxd6 36. Rxd6 Rc7 37. h4 f6 38. g4 Kf7 39. b4 Kg7 40.
Rd5 a6 41. Rd6 Ra7 42. Kg3 a5 43. Kf4 axb4 44. axb4 Ra4 45. Rd4 Ra2 46. Bc6
Rf2+ 47. Kg3 f5 48. g5 Re2 49. h5 Re3+ 50. Kf4 Re4+ 51. Bxe4 0-1

[Event "Scarborough CC Jack Frost U1800"]
[Site "Toronto CAN"]
[Date "2014.01.02"]
[Round "1"]
[White "Armstrong, Robert J"]
[Black "Ward, Dean"]
[Result "0-1"]
[WhiteElo "1516"]
[BlackElo "1628"]
[PlyCount "94"]
[EventDate "2014.01.02"]
[EventType "swiss"]
[EventRounds "6"]
[EventCountry "CAN"]

1. g3 d5 2. Bg2 c6 3. c4 dxc4 4. Qc2 g6 5. Qxc4 Bg7 6. Qb3 Nf6 7. Nc3 O-O 8. d3
Nbd7 9. Be3 Ng4 10. Bd2 Nc5 11. Qc2 Qd4 12. Nh3 Bf5 13. O-O Nxd3 14. e4 Be6 15.
Rad1 Nb4 16. Qb1 Qc4 17. b3 Qd3 18. Qxd3 Nxd3 19. Na4 b5 20. Nc3 Rfd8 21. Nb1
Nge5 22. Nf4 Nxf4 23. Bxf4 Ng4 24. h3 Nf6 25. Bc7 Rdc8 26. Ba5 Rab8 27. Bb4 c5
28. Bd2 c4 29. Bf4 Rb6 30. Be3 Ra6 31. e5 Rxa2 32. exf6 Bxf6 33. bxc4 Bxc4 34.
Rfe1 a5 35. Bd2 Bb3 36. Rc1 Rd8 37. Bh6 Bb2 38. Rc5 Bd4 39. Rec1 Bxf2+ 40. Kh2
Bxc5 41. Rxc5 Bd5 42. Nd2 Bxg2 43. Kxg2 Raxd2+ 44. Kf1 R2d5 45. Rc7 e6 46. Bg5
Re8 47. Bf6 Rf5+ 0-1

[Event "Scarborough CC Jack Frost U1800"]
[Site "Toronto CAN"]
[Date "2014.01.16"]
[Round "3"]
[White "Armstrong, Robert J"]
[Black "Noorali, Aahil"]
[Result "1-0"]
[WhiteElo "1516"]
[BlackElo "1510"]
[PlyCount "113"]
[EventDate "2014.01.02"]
[EventType "swiss"]
[EventRounds "6"]
[EventCountry "CAN"]

1. g3 d5 2. Bg2 Nf6 3. c4 c6 4. Qb3 e5 5. cxd5 Nxd5 6. Nc3 Nb4 7. a3 Be6 8. Qa4
Nd5 9. d3 Na6 10. Nf3 Nc5 11. Qc2 f6 12. b4 Nxc3 13. Qxc3 Nb3 14. Rb1 Nxc1 15.
Rxc1 Bd6 16. Nd2 O-O 17. Ne4 Be7 18. Nc5 Bxc5 19. bxc5 Bd5 20. O-O Bxg2 21.
Kxg2 Kh8 22. Rfd1 a5 23. d4 Qd5+ 24. Kg1 e4 25. Rb1 Rfb8 26. Rb6 Qh5 27. Qc2
Qd5 28. Rdb1 Qxd4 29. Rxb7 Rxb7 30. Rxb7 Qa1+ 31. Qb1 Qxb1+ 32. Rxb1 Kg8 33.
Rb6 Rc8 34. Ra6 Kf7 35. Rxa5 Ke6 36. Ra7 Rg8 37. a4 Kd5 38. a5 Kxc5 39. Rb7 h6
40. a6 g6 41. a7 Ra8 42. Kf1 Kd6 43. Ke1 c5 44. Kd2 Kc6 45. Rf7 f5 46. Kc3 g5
47. Kc4 Kb6 48. Rf6+ Kxa7 49. Rxh6 Rg8 50. Rf6 Rh8 51. Rxf5 Rxh2 52. Kxc5 Kb7
53. Kd4 Kc6 54. Kxe4 Kd6 55. Kf3 Rh5 56. Kg4 Rh7 57. e4 1-0

[Event "Scarborough CC Jack Frost U1800"]
[Site "Toronto CAN"]
[Date "2014.01.16"]
[Round "3"]
[White "Perez, Michael"]
[Black "Liang, Phillip"]
[Result "0-1"]
[WhiteElo "1714"]
[BlackElo "1633"]
[PlyCount "94"]
[EventDate "2014.01.02"]
[EventType "swiss"]
[EventRounds "6"]
[EventCountry "CAN"]

1. e4 c5 2. Nf3 e6 3. d4 cxd4 4. Nxd4 a6 5. Nc3 Nc6 6. Be3 Qc7 7. g3 Nf6 8. Bg2
d6 9. O-O Rb8 10. f4 Na5 11. Qd3 Be7 12. b3 O-O 13. h3 b5 14. g4 Bb7 15. Nce2
d5 16. e5 Ne4 17. Nf3 Rfd8 18. Ned4 Rbc8 19. f5 Nc5 20. Qe2 Nc6 21. fxe6 Nxe6
22. Nxe6 fxe6 23. Bd4 Nxd4 24. Nxd4 Bc5 25. c3 b4 26. Kh1 Qe7 27. Qe3 bxc3 28.
Qxc3 Bb4 29. Qf3 Rf8 30. Qe2 Bc3 31. Rad1 Bxd4 32. Rxd4 Qc5 33. Rfd1 Qb6 34.
Bf3 a5 35. Kg2 Rc3 36. R1d3 Ba6 37. Qd2 Rxd3 38. Rxd3 Bxd3 39. Qxd3 Rc8 40. Be2
Qb4 41. Qa6 Qe4+ 42. Bf3 Rc2+ 43. Kg3 Qxe5+ 44. Kh4 g5+ 45. Kh5 Rc7 46. Qa8+
Kg7 47. Qd8 Rf7 0-1

[Event "Scarborough CC Jack Frost U1800"]
[Site "Toronto CAN"]
[Date "2014.01.30"]
[Round "5"]
[White "Armstrong, Robert J"]
[Black "Rutherdale, William"]
[Result "1-0"]
[WhiteElo "1516"]
[BlackElo "1665"]
[PlyCount "41"]
[EventDate "2014.01.02"]
[EventType "swiss"]
[EventRounds "6"]
[EventCountry "CAN"]

1. g3 d5 2. Bg2 Nf6 3. c4 c6 4. Qb3 Qb6 5. Qxb6 axb6 6. cxd5 Nxd5 7. a3 Nf6 8.
Nc3 Bf5 9. d4 e6 10. e4 Bg6 11. Bg5 Be7 12. Nh3 h6 13. Be3 Nbd7 14. d5 O-O 15.
O-O exd5 16. exd5 c5 17. Nf4 Ne5 18. Nxg6 Nxg6 19. h4 h5 20. Bh3 Ne8 21. Bd7
1-0

[Event "Scarborough CC Spring/Summer"]
[Site "Torotno CAN"]
[Date "2014.05.29"]
[Round "2"]
[White "Zhu, Harmony"]
[Black "Shah, Omar"]
[Result "0-1"]
[WhiteElo "1955"]
[BlackElo "1721"]
[PlyCount "72"]
[EventDate "2014.05.22"]
[EventType "swiss"]
[EventRounds "5"]
[EventCountry "CAN"]

1. d4 Nf6 2. c4 c5 3. d5 Ne4 4. Nc3 Nxc3 5. bxc3 g6 6. e4 d6 7. f4 Bg7 8. Qc2
O-O 9. Nf3 Bg4 10. Be2 Qa5 11. Bd2 a6 12. O-O b5 13. a4 bxc4 14. Bxc4 Nd7 15.
Be2 c4 16. h3 Bxf3 17. Bxf3 Rab8 18. Rfb1 Nc5 19. Rb4 Nb3 20. Ra2 Nxd2 21. Qxd2
Bxc3 22. Qxc3 Rxb4 23. Kh2 Qc5 24. e5 Rfb8 25. exd6 exd6 26. Re2 Rb3 27. Qf6
Rxf3 28. gxf3 c3 29. Rc2 Rb1 30. Qg5 Rb2 31. Qg2 Rxc2 32. Qxc2 Qe3 33. Kg3 Qg1+
34. Kh4 Qe1+ 35. Kg5 Kg7 36. Qe4 Qg3# 0-1

[Event "Scarborough CC Spring/Summer U1400"]
[Site "Toronto CAN"]
[Date "2014.06.05"]
[Round "3"]
[White "Pishdad, Hassan"]
[Black "He, Oliver"]
[Result "1-0"]
[WhiteElo "1160"]
[BlackElo "1050"]
[PlyCount "79"]
[EventDate "2014.05.22"]
[EventType "swiss"]
[EventRounds "6"]
[EventCountry "CAN"]

1. d4 d5 2. c4 c6 3. Nc3 Nf6 4. cxd5 cxd5 5. h3 Nc6 6. Nf3 Bf5 7. e3 Nb4 8.
Qa4+ Nc6 9. Qb5 Qd7 10. Qb3 Nb4 11. Qxb4 e5 12. Qb3 e4 13. Bb5 exf3 14. Bxd7+
Bxd7 15. gxf3 Rb8 16. Nxd5 Bd6 17. Nxf6+ gxf6 18. Qd5 Bc7 19. Qc5 Bb6 20. Qc3
Rc8 21. Qd3 Ba5+ 22. Bd2 Bxd2+ 23. Qxd2 Bc6 24. e4 Ba4 25. Qb4 b5 26. b3 a5 27.
Qd6 Bxb3 28. axb3 Rd8 29. Qxf6 Rg8 30. d5 Rg6 31. Qe5+ Kf8 32. Rxa5 Re8 33.
Qh8+ Rg8 34. Qxh7 Rg7 35. Qh6 f5 36. Rg1 Ree7 37. Rxg7 Rxg7 38. Ra7 fxe4 39.
Qxg7+ Ke8 40. Qe7# 1-0

[Event "Scarborough CC Spring/Summer U1400"]
[Site "Toronto CAN"]
[Date "2014.06.26"]
[Round "6"]
[White "Pishdad, Hassan"]
[Black "Chan, Ben"]
[Result "1-0"]
[WhiteElo "1160"]
[BlackElo "1208"]
[PlyCount "56"]
[EventDate "2014.05.22"]
[EventType "swiss"]
[EventRounds "6"]
[EventCountry "CAN"]

1. d4 d5 2. c4 c6 3. e3 Bf5 4. Nc3 Nf6 5. cxd5 cxd5 6. Qb3 Qb6 7. Nxd5 Qxb3 8.
Nxf6+ exf6 9. axb3 Bb4+ 10. Bd2 Bxd2+ 11. Kxd2 O-O 12. Ne2 Nc6 13. Ng3 Bg6 14.
Bc4 Nb4 15. Rhc1 Rfd8 16. Ke2 f5 17. f4 Re8 18. Ra4 a5 19. Bb5 Re7 20. Rxa5 Rd8
21. Bc4 h5 22. Nxf5 Rc7 23. Rc3 Nc6 24. Rc5 b6 25. Rxc6 Rxc6 26. Ne7+ Kf8 27.
Nxc6 Re8 28. Ne5 Bf5 1-0

[Event "Scarborough CC Spring/Summer U1800"]
[Site "Toronto CAN"]
[Date "2014.05.22"]
[Round "1"]
[White "Armstrong, Robert J"]
[Black "Cale, Ferdinand"]
[Result "1/2-1/2"]
[WhiteElo "1657"]
[BlackElo "1662"]
[PlyCount "129"]
[EventDate "2014.05.22"]
[EventType "swiss"]
[EventRounds "6"]
[EventCountry "CAN"]

1. d4 d6 2. c4 Bd7 3. Nc3 e6 4. e4 c5 5. Nf3 b6 6. e5 Nc6 7. exd6 Bxd6 8. d5
Ne5 9. Ne4 Nxf3+ 10. Qxf3 Be5 11. Bf4 Bb8 12. O-O-O e5 13. Bg5 f6 14. Bh4 Ne7
15. Bxf6 O-O 16. Qg3 Nf5 17. Bxd8 Nxg3 18. fxg3 Rxd8 19. Bd3 Bf5 20. Nf6+ gxf6
21. Bxf5 Bd6 22. Rhf1 Kg7 23. Rd3 Rab8 24. Rdf3 h6 25. Bd3 Be7 26. h4 a6 27. g4
Rf8 28. a4 Rbd8 29. Re1 b5 30. axb5 axb5 31. g5 bxc4 32. gxh6+ Kxh6 33. Bxc4
Rb8 34. Ref1 Ra8 35. d6 Bd8 36. Kc2 Ra7 37. Be6 Ra6 38. Rd1 Ra4 39. g4 Kg7 40.
h5 Rd4 41. d7 Bc7 42. Rdf1 e4 43. Re3 Be5 44. Bf5 Rd8 45. Rfe1 Rc4+ 46. Kb1 Rb4
47. b3 c4 48. Rxe4 Rxb3+ 49. Kc1 Rb4 50. Be6 Rb6 51. Bf5 Rdb8 52. Kd1 Rd6+ 53.
Ke2 c3 54. Rc4 Rd2+ 55. Kf1 Rd8 56. Rc8 R8xd7 57. Bxd7 Rxd7 58. Rxe5 fxe5 59.
Rxc3 Kf6 60. Ke2 Kg5 61. Rg3 Rd4 62. Ke3 Ra4 63. Rg1 Rb4 64. Rg2 Ra4 65. Rg1
1/2-1/2